Problém okolo skúmania medziliterárnosti? (Poznámky ku koncepcii IX. kongresu AILC)

Bibliographic Details
Main Author: Ďurišin, Dionýz, 1929-1997 (Author)
Format: Article
Language:Slovak
Subjects:

MARC

LEADER 00000nab a2200000 a 4500
001 vtls000072247
003 SK-MaSNL
005 20260304074547.0
008 250423c1980 xo 0 slo
015 |a SNBRB19rr/mm-uuuuu 
035 |a CL0082348 
035 |a urn:nbn:sk:snk-abezw1 
035 |a (urnnbn)urn:nbn:sk:snk:ar-0050pc 
035 |a (uuid)9b68d46e-ba39-4ca2-bccf-6a83e015470c 
040 |a SNKBUCL  |b slo  |c SNKBUCL  |e AACR2 
041 0 |a slo 
044 |a xo  |c SK 
080 |a 82:061.3:82.091  |2 1981 
080 |a 82.091  |2 1981 
080 |a 820/89 (100)"19"  |2 1981 
100 1 |a Ďurišin, Dionýz,  |d 1929-1997  |4 aut  |9 106572 
245 1 0 |a Problém okolo skúmania medziliterárnosti? (Poznámky ku koncepcii IX. kongresu AILC)  |c Dionýz Ďurišin 
610 7 |a Medzinárodná asociácia porovnávacej literatúry  |b Kongres  |d 1979  |2 snkbucl  |9 1005644 
650 0 7 |a literárna komparatistika  |2 snkbucl  |9 62017 
655 7 |a články z novín a časopisov  |2 snkbucl  |9 267496 
655 7 |a články z odboru literárna veda a krásna literatúra  |2 snkbucl  |9 770045 
773 0 |t Slovenská literatúra  |g Roč. 27, č. 3 (1980), s. 275-281 
850 |a Slovenská národná knižnica 
852 |a Slovenská národná knižnica 
954 |a odborná, vedecká literatúra pôvodná (slovenská)  |2 lita 
958 |a article27 
958 |a RK 
958 |a LX 
958 |a OND 
958 |a EUIPO 
992 |a RBX 
999 |c 2776792  |d 2778722